LEADER 01722nam a2200253 4500 001 000000332827 003 CaOOAMICUS 005 20190726124800.0 008 190314s1735 it 000 u ita r 026 $as-ua 49i- i-s- elCh (3) 1735 (R) 040 $aSeMil$bita 100 11$aBossuet, Jacques-Bénigne,$c.$0(OLS)http://semarc/name/1094 245 02$aL'antichità posta in chiaro sopra l'immutabilità dell'essere divino e sopra l'egualità delle tre persone lo stato presente delle controversie, e della religione protestante, contra la sesta, settima, ed ottava lettera della Descrizione di m. Jiurieu. Sesto ed ultimo avvertimento di monsignor Jacopo Benigno Bossuet, ... 264 1$aIn Padova :$bNella Stamperia del Seminario : appresso Giovanni Manfrè,$c1735. 300 $a[32], 441, [31] p. ;$c12° 500 $aSegn.: [*]? 2*¹² A-T¹² V? 700 1 $aManfrè, Giovanni,$c.$0(OLS)http://semarc/name/1034 710 2 $aTipografia del Seminario$b.$0(OLS)http://semarc/name/1033 752 $aIT$dPadova 850 $aSeMil 852 $aSeMil$W1$xVenegono$y1$m3X I 32 FA$j211625$B225060$CSeMilBibl$Z2$F225060 $8I 996 $6245$aL'antichità posta in chiaro sopra l'immutabilità dell'essere divino e sopra l'egualità delle tre persone lo stato presente delle controversie, e della religione protestante, contra la sesta, settima, ed ottava lettera della Descrizione di m. Jiurieu. Sesto ed ultimo avvertimento di monsignor Jacopo Benigno Bossuet, ...$9(OLS)http://semarc/title/421948 996 $6264$aIn Padova :$bNella Stamperia del Seminario : appresso Giovanni Manfrè$9(OLS)http://semarc/publisher/41282 LEADER 01554nam a2200277 i 4500 001 000000246469 003 CaOOAMICUS 005 20230119140816.0 008 151112s1682 it u000 u ita u 013 $a225374 026 $aneai a-uo e;ma alco (3) 1682 (A) 040 $aSeMil$bita 100 1 $aCeva, Carlo Francesco .$0(OLS)http://semarc/name/29622 245 13$aIl moto perpetuo dell'ecclesiastico governo, esposto ad honore di S. Carlo Borromeo, con la luce del suo nascimento nella metropolitana di Milano li 4. novembre 1681. Da monsignor abbate Carlo Francesco Ceva dottore di S.T. . 260 $aIn Milano :$bAppresso Lodovico Monza,$c1682. 300 $a18, [2] p. ;$c4º. 500 $aIniz., fregi xilogr. 500 $aSegn.: [A]10. - Ultima c. bianca 650 4$aBorromeo, Carlo - Celebrativi.$0(OLS)http://semarc/subject/919 700 1 $aMonza, Lodovico,$c.$0(OLS)http://semarc/name/19554 773 0 $t[Panegirici in onore di San carlo Borromeo.$d[S.l. : s.n.] $w()5906 850 $aSeMil 852 $aSeMil$W1$xVenegono$y1$m3G VII 2/18 FA$j196815$B196815$CSeMilBibl$Z2$F207778 $8I 996 $6245$aIl moto perpetuo dell'ecclesiastico governo, esposto ad honore di S. Carlo Borromeo, con la luce del suo nascimento nella metropolitana di Milano li 4. novembre 1681. Da monsignor abbate Carlo Francesco Ceva dottore di S.T. .$9(OLS)http://semarc/title/348263 996 $6260$aIn Milano :$bAppresso Lodovico Monza$9(OLS)http://semarc/publisher/40100